Innocence and rapture (Record no. 187561)
[ view plain ]
| 000 -LEADER | |
|---|---|
| fixed length control field | 01892nam a2200397Ia 4500 |
| 100 1# - MAIN ENTRY--AUTHOR NAME | |
| Personal name | Ohi, Kevin, |
| 245 10 - TITLE STATEMENT | |
| Title | Innocence and rapture |
| 250 ## - EDITION STATEMENT | |
| Edition statement | 1st ed. |
| 260 ## - PUBLICATION, DISTRIBUTION, ETC. (IMPRINT) | |
| Place of publication | New York, N.Y. : |
| Name of publisher | Palgrave Macmillan, |
| Year of publication | 2005. |
| 300 ## - PHYSICAL DESCRIPTION | |
| Number of Pages | x, 226 p. |
| 505 0# - FORMATTED CONTENTS NOTE | |
| Formatted contents note | Introduction : innocence and rapture -- "Doomed creatures of immature radiance" : Renaissance, death, and rapture in Walter Pater -- Narcissists anonymous : reading and Dorian Gray's new worlds -- "Blameless and foredoomed" : innocence and haste in The turn of the screw -- Sentimentality, desire, and aestheticism in Lolita. |
| 650 #0 - SUBJECT ADDED ENTRY--TOPICAL TERM | |
| Topical Term | English literature |
| Topical Term | Children and erotica. |
| Topical Term | Art for art's sake (Movement) |
| Topical Term | American literature |
| Topical Term | American literature |
| Topical Term | Children in literature. |
| Topical Term | Aestheticism (Literature) |
| 856 40 - ELECTRONIC LOCATION AND ACCESS | |
| Uniform Resource Identifier | http://site.ebrary.com/lib/rucke/Doc?id=10135390 |
No items available.
